| 000 | 01034nam a2200289 i 4500 | ||
|---|---|---|---|
| 001 | 15727 | ||
| 003 | ES-MaACL | ||
| 005 | 20250728062556.0 | ||
| 007 | t| | ||
| 008 | 000505s1999 sp ||||0| spa j | ||
| 020 | _a84-88973-90-X | ||
| 040 |
_aM-BN _bspa _cM-BN |
||
| 080 | _a347.766 | ||
| 080 | _a347.457 | ||
| 100 | 1 |
_aGarrido, José María. _955675 |
|
| 245 | 1 | 0 |
_aGarantías reales, privilegios y par condicio _b: un ensayo de análisis funcional / _cJosé Mª Garrido. |
| 260 |
_a[Madrid] : _bCentro de Estudios Registrales, _c[1999] |
||
| 300 |
_a151 p ; _c23 cm. |
||
| 490 | 1 | _aMonografías | |
| 650 | 1 | 4 |
_aGarantías (Derecho) _913030 |
| 650 | 1 | 4 |
_aCrédito. _911409 |
| 710 | 2 |
_aColegio de Registradores de la Propiedad y Mercantiles de España. _bCentro de Estudios Registrales. _9162314 |
|
| 730 | 0 |
_aMonografías (Centro de Estudios Registrales) _9179814 |
|
| 830 | 0 | 0 |
_aMonografías (Centro de Estudios Benaventanos "Ledo del Pozo") _9177262 |
| 852 |
_aES-MaACL _jL-23024 _bR.127574 |
||
| 999 |
_c15727 _d15727 |
||